[Event "POL-ch 58th"]
[Site "Warsaw"]
[Date "2001.03.20"]
[Round "3"]
[White "Markowski, Tomasz"]
[Black "Jaracz, Pawel"]
[Result "1-0"]
[WhiteElo "2595"]
[BlackElo "2477"]
[Annotator "Ribli,Z"]
[PlyCount "155"]
[EventDate "2001.03.18"]
[EventType "tourn"]
[EventRounds "13"]
[EventCountry "POL"]
[EventCategory "11"]
[SourceTitle "CBM 082"]
[Source "ChessBase"]
[SourceDate "2001.05.17"]
[SourceVersion "1"]
[SourceVersionDate "2001.05.17"]
[SourceQuality "1"]

1. g3 {Ernst} d5 2. Nf3 Nf6 3. Bg2 e6 4. O-O Be7 5. c4 O-O 6. d4 dxc4 7. Ne5 {
Dieser Zug wird heutzutage selten gespielt - auf Großmeisterebene wird
eigentlich immer die Variante 7.Qc2 gewählt.} Nc6 {'!' Ernst. Ernst: 'This
variation has been known for many years. Black gives a pawn to obtain good
pieceplay.'} (7... c5 8. dxc5 Qc7 9. Nxc4 $14) 8. Nxc6 (8. Bxc6 bxc6 9. Nxc6
Qe8 10. Nxe7+ Qxe7 11. Qa4 {Das ist die alternative Variante, in der Schwarz
den Pc4 geben muss, aber nach 11...c5 bzw. 11...e5 Gegenspiel bekommt.}) 8...
bxc6 9. e3 {Weiß hat einen Bauern weniger, aber die schwarzen Bauern auf der
c-Linie sind allesamt schwach.} (9. Na3 {Ernst} Bxa3 10. bxa3 Ba6 11. Bxc6 Rb8
12. Qa4 Rb6 $11 {White's bishop pair is compensated by black's better pawn
structure.}) 9... Nd5 (9... Ba6 10. Bxc6 Rb8 (10... c3 11. Bxa8 cxb2 12. Bxb2
Bxf1 13. Bf3 $14 {Weiß hat die bessere Bauernstruktur.}) 11. Qa4 $1 $16) 10.
Qa4 Nb6 (10... a5 11. Rd1 Qd6 12. Qxc4 Ba6 13. Qc2 Nb4 14. Qd2 e5 15. a3 Nd3
16. Be4 Nxc1 17. Rxc1 exd4 18. exd4 Bf6 19. Rxc6 Qxd4 20. Qxd4 Bxd4 21. Nc3 {
1/2-1/2 Ippolito,D-Gormally,D/London 1999/CBM 70 ext (21)}) 11. Qc2 Rb8 (11...
Qd7 12. Nd2 Ba6 13. Rd1 Rfd8 14. b3 cxb3 15. Qxc6 Qxc6 16. Bxc6 Rab8 17. axb3
Bb7 18. Bxb7 Rxb7 19. Ba3 Bxa3 20. Rxa3 e5 21. Ne4 {1/2-1/2 Horvath,C-Yu
Shaoteng/Gyula 2000/CBM 76/[Ribli] (21)} (21. Nf3 exd4 22. Rxd4 Rxd4 23. Nxd4
$14)) 12. Rd1 (12. Bxc6 Nd5 (12... Bb7 $11) 13. Qxc4 Rb6 14. Rd1 Ba6 15. Qa4
Qd6 16. Bxd5 exd5 17. Nc3 Bc8 18. Qc2 Bg4 19. Rf1 Qd7 {1/2-1/2 Arsovic,
Z-Jovanovic,Z/Nis 1993/EXT 97 (72)}) 12... a5 $6 {Dieser Zug ist nicht
schlecht, aber 12...Qe8 und 13...c5 scheinen mir viel logischer. Der Textzug
bereitet 13...Ba6 vor.} (12... Qe8 13. Nd2 Ba6 (13... c5 $5 14. dxc5 Bxc5 15.
Nxc4 Nxc4 16. Qxc4 Qb5 17. Qxb5 Rxb5 $11 {1/2-1/2 Piket,J-Adams,M/Wijk aan Zee
2000/CBM 75/[Ribli] (30)}) 14. b3 c5 15. Bb2 cxd4 16. Bxd4 Bb5 {1/2-1/2
Arsovic,Z-Cvetkovic,S/Kladovo 1994/EXT 2000 (37)}) (12... Qe8 $1 $11 {Ernst As
given by ECO.}) 13. Nd2 Ba6 14. b3 {Jetzt wir die Folgen des Zuges 12...a5 -
ohne diesen Zug wäre 14...cxb3 15.axb3 stärker, denn in unserer Partie steht
der Ba6 unsicher. - Der Textzug von Weiß zeigt ein für solche Stellungen
typisches Motiv: Weiß tauscht den Pc4, gewinnt dafür aber den Pc6.} (14. Bxc6
Nd5 15. a3 Qd6 16. Ba4 Nb6 17. Ne4 Qd5 18. Nc3 Qf3 19. e4 Bb7 20. Re1 Bf6 21.
Be3 c5 {1/2-1/2 Amura,C-Van Riemsdijk,H/La Plata 1998/CBM 67 ext (36)}) 14...
cxb3 15. Nxb3 {[%csl Ra5,Rc6,Rc7][%mdl 32]} (15. axb3 Bb4 16. Bxc6 $14) 15...
Bb5 (15... Nc4 16. Bxc6 $14 (16. Bf1 a4 17. Na5 Nxa5 18. Bxa6 a3 $11)) 16. a4 {
'!' Ernst. Ernst: 'This elementary combination gives white a big positional
advantage.' Dieser Zug ist interessant, führt aber zu Vereinfachungen. Ich
halte 16.Nxa5 daher für aussichtsreicher.} (16. Nxa5 $5 Ba4 17. Nb3 Nd5 18. Bd2
$14) 16... Bxa4 (16... Nxa4 17. Nxa5 Nb6 18. Nxc6 Bxc6 19. Bxc6 $14 {Eine
ähnliche Stellung bekommen wir in unserer Partie.}) 17. Rxa4 Nxa4 18. Nxa5 {
[%cal Rc2a4,Ra5c6,Rc6b8,Rc6d8] Diese kleine Kombination ist schön - Weiß
gewinnt dasMaterial zurück.} Nb6 19. Nxc6 {'+/-' Ernst.} Qd7 20. Nxb8 Rxb8 {
Weiß hat das Läuferpaar und die bessere Bauernstruktur. Da das Material jedoch
reduziert ist, hat Schwarz gute Remischancen - seine einzige Schwäche, den Pc7,
kann er verteidigen. Andererseits verfügt Schwarz über keinerlei Gegenspiel,
so dass Weiß die Partie ohne Risiko bis zum Ende spielen kann.} 21. Bd2 $14 Bd6
22. Ra1 h5 23. h4 Qe7 24. Qc6 {Weiß übt zwar spürbar Druck, hat aber keine
konkreten Drohungen.} Qd8 25. Ba5 g6 26. Bf3 Nd7 27. Bc3 (27. Rc1 Nb6 $14)
27... Nb6 28. Kg2 {Weiß spielt, wie man in solchen Stellungen spielen muss:
erst kleine Wartezüge und Zugwiederholungen und erst danach den Hauptplan .}
Bf8 29. Be1 Nd7 30. Rc1 Bd6 31. Ba5 Nb6 32. e4 $1 {[%csl Gd4,Ge4] Droht 33.e5,
wonach ein wichtiger Verteidiger des Pc7 (der Bd6) seinen Platz räumen muss.}
e5 33. dxe5 (33. d5 $14) 33... Bxe5 34. Rd1 Qe7 (34... Qe8 $14) 35. Be2 {
Nach 32.e4 war der Bf3 eingeschlossen, daher sucht Weiß eine neue Diagonale
für ihn.} Bg7 36. Rc1 {Ernst: 'With the threat Qxc7.'} Na8 $6 {'?' Ernst.
Ernst: 'This knight will never come into play again.' Der Na8 verteidigt zwar
den Pc7, steht aber schrecklich schlecht in der Ecke.} (36... Be5 37. f4 Bd4
38. e5 $14) 37. Bc4 {[%csl Ra8,Gc4] Die weiße Stellung wird Schritt für
Schritt verbessert. Dennoch bleibt die Frage, ob man diese Stellung wirklich
gewinnen kann?} Kh7 38. Bd2 {[%cal Gd2f4,Gd2g5,Gc4d5]} Bh6 {Schwarz möchte
mindestens einen Läufer abtauschen.} 39. Bxh6 Kxh6 40. Be2 $6 (40. Bd5 $16)
40... Rd8 41. Rc5 Qd6 42. Qb5 {Droht 43.Bxh5 gxh5 44.Rc6.} Kg7 43. e5 Qe7 44.
Qc6 {'+-' Ernst.} (44. Bf3 Nb6 $14) 44... Rd2 (44... Nb6 {Ernst} 45. Qxc7 Qxc7
46. Rxc7 Nd5 47. Rb7 $18 {White wins by moving the bishop to the diagonal
a2-g8 and attacking f7.}) 45. Bf3 Ra2 $6 (45... Rd8 $14) 46. Bd5 $16 {[%csl
Ra2,Gd5][%cal Rd5a2,Gd5f7]} Ra1 47. Bb3 $6 {Eine gute Idee, aber eine
schlechte Zugfolge. Weiß muss zuerst 47.Rc3 ziehen und kann nur im Falle von
47...Nb6 48.Bb3 spielen.} (47. Rc3 $1 Qxe5 (47... Nb6 48. Bb3 Ra3 (48... Qxe5
49. Bxf7 Kxf7 50. Re3 Qd5+ 51. Rf3+ Kg7 52. Qf6+ $18 {[%cal Rf6g7,Rf6a1]}) 49.
Bxf7 $1 Kxf7 (49... Rxc3 50. Qxg6+ $18) 50. Qf3+ $18 {[%cal Rf3a3,Rf3f7]}) 48.
Rf3 Qd6 (48... f5 49. Re3 Qf6 50. Re6 $18) 49. Qc3+ $18 {[%cal Rc3a1,Rc3g7]})
47... Ra3 48. Rc3 Qxe5 {Ernst: 'There was no defence, f7 is too weak.'} 49. Rf3
Rxb3 $8 50. Rxb3 {[%mdl 4096] Ernst: 'White has won the exchange and now
follows a long technical phase.' Schwarz hat N+P für den R - das ist kein
ausreichender Ersatz.} Nb6 51. Rd3 Kf8 52. Kh2 Kg7 53. Re3 {Weiß verfolgt
dieselbe Strategie wie zuvor in dieser Partie - er steht besser, aber möchte
nicht direkt spielen, sondern zieht zunächst den Manöverkampf vor.} Qf6 54. Qc2
(54. Qxf6+ $6 Kxf6 $14 {Anschließend kann Schwarz Nd5 spielen, danach steht
Weiß zwar immer besser, aber ich bin mir keineswegs sicher, dass er dieses
Endspiel auch gewinnen kann.}) 54... Nd5 55. Rb3 c6 56. Kg2 Qe6 57. Ra3 Kh7 58.
Ra4 Qd6 59. Rc4 Ne7 60. Kh2 {Weiß offenbart seinen Gewinnplan noch nicht -
oder vielleicht hat er auch einfach keinen. Da heutzutage in vielen Turnieren
Partien am Ende ausgeblitzt werden, erscheint die von Weiß praktizierte
Wartestrategie noch logischer.} Kg8 61. Qb2 {[%cal Gb2h8]} Nd5 62. Ra4 {
[%cal Ra4a8,Ra8g8]} Nf6 (62... Qf6 63. Qxf6 Nxf6 64. Rc4 Ng4+ 65. Kg2 Ne5 66.
Rc5 f6 67. f4 $18) 63. Ra8+ Kh7 64. Qb3 Qd7 65. Kg2 Kg7 (65... Qd5+ $2 66. Qxd5
Nxd5 (66... cxd5 67. Rd8 Kg7 68. Rd6 $22 $18 {Schwarz muss den Pd5 aufgeben,
danach ist der Sieg von Weiß nur eine Frage der Zeit.}) 67. Ra6 Nb4 (67... Ne7
68. Ra7 $18) 68. Rb6 c5 69. Rb7 Kg7 70. Rc7 Nd3 71. Kf1 $18) 66. Ra5 Nd5 67.
Qb2+ f6 (67... Nf6 68. Qc3 $18 {[%cal Ra5c5,Rc5c6]} (68. Rc5 {Ernst} Qd6 69.
Qc3 $18 {White wins the c-pawn.})) (67... Kh7 {Ernst} 68. Ra8) 68. Qd4 {
[%cal Ra5a7,Ra7g7] Ernst: 'To invade on the seventh.'} Qe6 69. Ra7+ Ne7 70. Kh2
(70. Qd8 Kf7 71. Qh8 Qe4+ 72. Kh2 Qe2 73. Qh7+ Ke8 $14) 70... Kf7 71. Qc5 Qe2
72. Rb7 Qe6 73. Rb2 Qe4 74. Qa5 Qe5 75. Qa2+ Qd5 (75... Kg7 76. Re2 Qd6 77. Qe6
Qxe6 78. Rxe6 Kf7 79. Rd6 $16 {[%csl Gd6]}) 76. Qa6 Qd7 77. Re2 Qd1 (77... Nd5
{Ernst} 78. Qa8 Kg7 79. Re8 $18 {With a winning attack.}) 78. Qc4+ {Ich sehe
keinen konkreten Gewinnweg für Weiß, wahrscheinlich verlor Schwarz die Partie
nach Zeit.} (78. Qc4+ {Ernst: 'And black gave up, but he could still play on
with Qd5.'} Qd5 79. Qf4 {[%csl Rf7][%cal Rf4h6]} Qd7 $16) 1-0

[Event "Solin 8th"]
[Site "Solin/Split"]
[Date "2000.12.10"]
[Round "2"]
[White "Kozul, Zdenko"]
[Black "Zelcic, Robert"]
[Result "0-1"]
[WhiteElo "2611"]
[BlackElo "2457"]
[Annotator "Ribli,Z"]
[PlyCount "60"]
[EventDate "2000.12.09"]
[EventType "tourn"]
[EventRounds "9"]
[EventCountry "CRO"]
[EventCategory "12"]
[SourceTitle "CBM 081"]
[Source "ChessBase"]
[SourceDate "2001.03.20"]
[SourceVersion "1"]
[SourceVersionDate "2001.03.20"]
[SourceQuality "1"]

1. d4 Nf6 2. Nf3 e6 3. c4 d5 4. g3 Be7 {Das ist die sogenannte klassische
Variante - Schwarz möchte den Pc4 nicht gewinnen, sondern strebt allein die
normale Entwicklung seiner Figuren an.} 5. Bg2 O-O 6. O-O dxc4 {6...c6 oder 6..
.Nbd7 führen zur geschlossenen Variante. Die (wohlbekannte) Idee des Textzugs
besteht darin, dass Weiß Zeit für die Rückeroberung des Pc4aufbringen muss,
während Schwarz die Entwicklung des Damenflügels beendet.} 7. Qc2 a6 8. Qxc4 {
Diese alte Fortsetzung wird heutzutage seltener gespielt.} (8. a4) 8... b5 9.
Qc2 Bb7 10. Bf4 {Das ist in der gegebenen Stellung m.E. die beste Fortsetzung
für Weiß. Die anderen Läuferzüge - 10.Bd2 und 10.Bg5 - sind auch spielbar.} Nc6
{Dieser Zug ist stärker als 10...Nd5, denn danach kommt 11.Nc3 Nxf4 12.gxf4
mit kleinem positionellen Vorteil für Weiß. In dieser Variante muss Schwarz
den Ausgleichszug c7-c5 - vorbereitet durch Nb4 - anstreben.} 11. Rd1 (11. Nc3
Nb4 (11... Nxd4 12. Nxd4 Bxg2 13. Rfd1 $5 (13. Nxe6 fxe6 14. Kxg2 c5 $11)) 12.
Qb1 $5 (12. Qc1 Rc8 13. a3 Nbd5 14. b4 Nxf4 15. Qxf4 Bxf3 16. Bxf3 c6 $11)
12... Nbd5 (12... c5 13. dxc5 Bxc5 14. Be5 Ng4 15. Ne4 Bxe4 16. Qxe4 f5 17. Qf4
Nd5 18. Qd2 $14) 13. Nxd5 Bxd5 14. Rd1 Qc8 $11) (11. Nbd2) 11... Nb4 12. Qc1
Nbd5 (12... Qc8 13. Bg5 c5 (13... Nbd5 14. Nbd2) 14. Bxf6 Bxf6 (14... gxf6) 15.
dxc5 a5 16. Na3 Bc6 $1 $11 {Weiß hat einen Mehrbauern, aber Schwarz besitzt
aktives Figurenspiel. Er kann nun auch Ra7-c7 spielen.}) (12... Rc8 13. Nc3
Nbd5 14. Nxd5 Bxd5 $11 (14... Nxd5 15. Bg5 c5 16. dxc5 Qe8 $11)) 13. Nbd2 {
Dieser Zug ist - meiner Meinung nach - weniger natürlich als 13.Nc3, aber in
der Folge kann Weiß durch Nd2-b3 das Schlüsselfeld c5 unter Kontrolle nehmen.}
(13. Nc3 $5 Nxf4 14. Qxf4 Bd6 15. Ne5 Bxg2 16. Kxg2 Qb8 17. Qf3 $14) 13... Nxf4
14. gxf4 Bd6 (14... c5 15. dxc5 Qc7 16. e3 (16. Nb3 Rfc8 (16... Rac8 17. Ne5
Bxg2 18. Kxg2 a5 {Renet,O-Miralles,G/Epinal (m/2) 1986 (18)} (18... Bxc5 19.
Nxc5 Qxc5 20. Qxc5 Rxc5 21. Rac1 {1-0 Nielsen,P-Kristensen,J/Aars 1995/CBM 50/
[Ftacnik] (27)})) 17. Ne5 Bxg2 18. Kxg2 a5 19. Nd3 a4 20. Nd4 Bxc5 21. Nxc5
Qxc5 22. Qxc5 Rxc5 23. b4 Rd5 24. e3 g5 {1/2-1/2 Grebenkin,A-Kiriakov,P/Orel
1992/EXT 97 (34)}) 16... Qxc5 17. Qxc5 Bxc5 18. Nb3 Be7 19. Ne5 Bxg2 20. Kxg2
Rfc8 21. Rac1 Nd5 22. Kf3 Kf8 23. e4 Nb6 24. Nd7+ Nxd7 25. Rxc8+ Rxc8 26. Rxd7
Rc2 {1/2-1/2 Illescas Cordoba,M-Lautier,J/Madrid 1993/CBM 36 (46)}) 15. Ne5 $6
{Dieser scheinbar natürliche Zug verspricht Weiß keinen Vorteil. Die
Alternative scheint mir besser.} (15. Nb3 $5 Bd5 (15... Qe7 16. e3 Nd7 17. Na5
Be4 18. Ne1 Bxg2 19. Nxg2 f5 20. Nc6 Qe8 21. Rd2 Nf6 22. f3 Qh5 23. Ne1 Nd5 24.
Rg2 Rac8 25. Qd2 Rf6 26. Qf2 Rg6 27. Rxg6 Qxg6+ 28. Kh1 Kh8 29. Nd3 {1-0
Gyorkos,L-Eusebe,A/Bagneux 1998/EXT 99 (42)}) 16. Ne5 Bxg2 17. Kxg2 Nd5 18. e4
Nb6 19. Nc5 Qe8 20. b3 f6 21. Ned3 f5 22. f3 Qh5 23. Rf1 Rf6 24. Kh1 fxe4 25.
fxe4 Bxc5 26. Nxc5 Raf8 27. Qe3 a5 28. Rf2 Qf7 29. Nd3 {1-0 Illescas Cordoba,
M-Campora,D/Cordoba 1995/EXT 2000 (64)}) 15... Bxg2 16. Kxg2 Nd5 $11 {Weiß hat
einen starken Springerposten auf e5 und etwas Übergewicht im Zentrum, dafür
ist jedoch seine Königsstellung ein wenig geschwächt.} 17. Ndf3 (17. e3 Qh4 (
17... Bxe5 18. fxe5 f6 $36 (18... f5)) 18. Ndf3 Qh5 $11) 17... Qf6 {[%csl Gf6]}
18. e3 Qf5 {Die Dame steht aktiv auf f5, das ist gefährlich für den weißen
König.} 19. h3 $6 {Weiß bereitet das Springermanöver Ng4-Nh2 vor, die
Aktivierung der Dame mittels Qb1 ist aber wahrscheinlich vorzuziehen.} (19. Qb1
Qh5 20. Qe4 f5 21. Qc2 Rac8 22. Qe2 Bxe5 23. dxe5 c5 24. a4 b4 25. h3 c4 26.
Rac1 Qg6+ 27. Kh2 Qh5 28. Kg2 Qg6+ 29. Kh2 Qh5 {1/2-1/2 Spiridonov,N-Spassov,L/
Sofia 1982/EXT 99 (29)}) 19... f6 20. Ng4 (20. Nd3 g5 $1 $17 {[%cal Gf8f2]})
20... h5 21. Ngh2 g5 $1 {[%mdl 128]} 22. Rg1 $6 {Weiß ist optimistisch und
möchte die g-Linie öffnen. Es wäre besser die Qf5 abzutauschen.} (22. Qb1 $1
gxf4 $2 (22... Qxb1 23. Raxb1 gxf4 24. e4 Nb6 $15) (22... g4 23. hxg4 hxg4 24.
Nh4 Qxb1 25. Raxb1 f5 26. Ng6 Rf7 $15 {[%cal Gf7h7,Gh7h2]}) 23. e4 Qg6+ 24. Kh1
$18) 22... Kf7 $1 $17 {Ein ausgezeichneter Zug - der schwarze König geht
Motiven auf der g-Linie aus dem Wege.} 23. Kh1 $6 (23. Qb1 g4 24. hxg4 hxg4 25.
Nd2 (25. Nh4 {Bei Königsstellung auf f7 bekommt Weiß nie das Feld g6.} Qh5 26.
Rh1 Rh8 27. Nf1 Bxf4 $19) 25... Qh5 $17) (23. fxg5 fxg5 24. Qb1 g4 25. Qxf5+
exf5 $17) 23... gxf4 24. e4 Qxe4 {[%mdl 1024] Schwarz hat schon zwei
Mehrbauern, und ich erkenne keine Kompensation für das Material.} 25. Qc6 Rg8
26. h4 (26. Rxg8 Rxg8 27. Qxa6 Qe2 $19) 26... Qf5 {Schwarz befreit den Nd5 und
droht entweder 27...Ne7 oder 27...Nb4.} 27. Rxg8 (27. a3 Ne7 $19) 27... Rxg8
28. Qxa6 Nb4 $19 {Droht 29...Nd3, und der weiße König befindet sich im
Mattnetz. Schwarz hat nur einen Bauern mehr, aber die weiße Königsstellung ist
sehr schwach und die weiße Dame steht weit ab vom Hauptkriegsschauplatz.} 29.
Qb7 {[%cal Rb4d3,Rd3f2,Rf2h1]} Nd3 30. Rf1 Qg6 (30... Qg6 31. Nd2 (31. Rg1
Nxf2#) 31... Nxf2+ 32. Rxf2 Qg1#) 0-1

[Event "Sarajevo Bosnia 28th"]
[Site "Sarajevo"]
[Date "1998.06.02"]
[Round "5"]
[White "Kozul, Zdenko"]
[Black "Georgiev, Kiril"]
[Result "1/2-1/2"]
[WhiteElo "2585"]
[BlackElo "2675"]
[Annotator "Ribli,Z"]
[PlyCount "116"]
[EventDate "1998.05.29"]
[EventType "tourn"]
[EventRounds "9"]
[EventCountry "BIH"]
[EventCategory "15"]
[SourceTitle "CBM 066"]
[Source "ChessBase"]
[SourceDate "1998.09.30"]
[SourceVersion "1"]
[SourceVersionDate "1998.09.30"]
[SourceQuality "1"]

1. d4 Nf6 2. Nf3 d5 3. c4 e6 {Statt der Partiefortsetzung kann Schwarz 3...
dxc4 mit Übergang ins angenommene Damengambit spielen. Er vermeidet auf die
Weise die gefährliche Variante 3.e4 (1.d4 d5 2.c4 dxc4 3.e4!?). Ribli.} 4. g3
Be7 5. Bg2 O-O 6. O-O dxc4 7. Qc2 a6 8. a4 {Diese Variante ist heutzutage viel
beliebter als die Alternative 8.Qxc4 b5 9.Qc2. Die Partiefortsetzung schwächt
zwar das Feld b4, gewinnt aber gleichzeitig Raum und verhindert, daß sich der
schwarze Damenläufer mit ...b7-b5 nebst ...Bc8-b7 entwickelt.} Bd7 9. Qxc4 Bc6
10. Bg5 Bd5 (10... a5 $5) 11. Qd3 c5 12. Bxf6 $6 $146 {Dieser Zug gefällt mir
nicht. Es ist zwar für die Variante typisch, daß der Weiße sein Läuferpaar
aufgibt, aber in dieser konkreten Stellung ist Schwarz schon gut entwickelt
und sollte mindestens gleiche Chancen haben.} (12. Nc3 $5) (12. dxc5 Nbd7 13.
Nc3 Nxc5 14. Qe3 {[%csl Yb3,Rd5]} Qa5 (14... Rc8) 15. Nxd5 Nxd5 16. Qa3 Bxg5
17. Nxg5 h6 18. Rfc1 Nd7 19. Ne4 $14 {[%csl Yd6,Gg2]}) 12... Bxf6 13. e4 (13.
Nc3 cxd4 $5 (13... Bc6 $11) 14. Nxd5 (14. Nxd4 Bxg2 $19) 14... Qxd5 15. Nd2 {
[%cal Gg2a8]} Qd7 16. Ne4 Be7 $15) 13... Bc6 14. Rd1 (14. e5 $6 Be7 $15 {
[%csl Gc6,Yd5,Ye4] Schwarz besitzt das Läuferpaar, während der Weiße Problemen
im Zentrum gegenübersteht. Nach folgendem 15...Nd7 wird der Bauer e5 schwach.})
14... cxd4 (14... Bxd4 15. Nxd4 cxd4 16. Qxd4 Qxd4 17. Rxd4 Nd7 $11 {[%cal
Gd7c5,Gc5b3] Die Bauernstellung ist eigentlich symmetrisch. Schwarz hat
mindestens gleiche Chancen, vielleicht steht er wegen der weißen
Felderschwächen am Damenflügel sogar etwas besser.}) 15. e5 (15. Nxd4 Qb6 $17 {
[%csl Rb2,Gb6,Rd4,Gf6]} (15... Bxd4 16. Qxd4 Qxd4 17. Rxd4 Nd7 $11)) 15... Be7
(15... Bxf3 $6 16. Qxf3 Bxe5 17. Qxb7 Nd7 18. Qxa8 Qxa8 19. Bxa8 Rxa8 20. Nd2
$14) 16. Nxd4 Bxg2 17. Kxg2 Qd5+ {[%csl Gd5,Re5]} 18. Nf3 (18. Qf3 Rd8 19. Nc3
Qxf3+ 20. Nxf3 (20. Kxf3 Nd7 $15 {[%csl Re5]}) 20... Nc6 $15 {[%csl Re5]})
18... Qxd3 19. Rxd3 Nc6 20. Rd7 (20. Nc3 {Leider kann Weiß mit diesem normalen
Entwicklungszug nicht in eine ausgeglichene Stellung gelangen.} Rfd8 21. Rad1
Rxd3 22. Rxd3 Rd8 23. Rxd8+ Bxd8 $15 {[%csl Re5][%cal Gd8c7,Gc7e5]}) 20... Rab8
21. Nd4 (21. Nc3 Rfd8 22. Rad1 $5 $11) 21... Nxd4 (21... Rfd8 22. Nxc6 Rxd7 23.
Nxb8 Rd8 (23... Rd1 {[%cal Gd1a1]} 24. Kf3 $14 (24. Ra3 $2 Bxa3 (24... Rxb1 $2
25. Rb3 $2 {[%csl Gb3,Rb7]}) 25. Nxa3 Rd8 $17)) 24. Nxa6 bxa6 $14) 22. Rxd4
Rfd8 $15 {Schwarz beherrscht die d-Linie und der weiße Bauer e5 ist dauerhaft
schwach.} 23. Rxd8+ Rxd8 24. Nc3 Rd2 {[%csl Gd2][%cal Gd2h2,Gd2b2] Der
schwarze Turm steht auf d2 ausgezeichnet.} 25. b3 Kf8 $6 (25... Bc5 {[%csl Rf2]
[%cal Rc5f2,Rd2f2]} 26. Ne4 $11 {[%cal Ge4f2,Re4c5,Re4d2]}) (25... f5 $5 {
Schwarz möchte dem Springer das Feld e4 nehmen.} 26. exf6 gxf6 $15) 26. Ne4 Re2
{[%csl Re4,Re5]} (26... Rd3 27. Rc1 {[%cal Gc1c8]} Ke8 28. Rc8+ Rd8 29. Rc7 $11
) (26... Rd4 27. Rc1 Ke8 (27... Rxe4 28. Rc8+ Bd8 29. Rxd8+ Ke7 {ist mit
Zugumstellung die Partiefortsetzung.}) 28. Rc4 Rxc4 29. bxc4 Kd7 30. Nd2 Kc6
31. Nb3 $11 {[%csl Yb5,Yc5,Yd5][%cal Gb3c5,Gc4d5,Gc4b5] und der schwarze König
kann nicht eindringen.}) 27. Rc1 $8 $11 Rxe4 (27... Ke8 28. Nd6+ $5 (28. Kf3
Rb2 29. Rc3) (28. Rc4 b5 29. axb5 axb5 30. Rd4) 28... Bxd6 29. exd6 $132 {
[%csl Gc1,Gd6]}) 28. Rc8+ Bd8 29. Rxd8+ Ke7 30. Rd6 $6 (30. Rh8 h6 31. Rh7 Rxe5
(31... Kf8 32. Rh8+ $11) 32. Rxg7 $11) (30. Rb8 $2 Rb4 $15 {[%csl Gb4][%cal
Rb4b3,Gb4b7]}) 30... Rb4 $15 {[%csl Gb4][%cal Rb4b3] Der schwarze Turm
beherrscht das Brett.} 31. Rd3 g5 $5 {Schwarz gewinnt Raum am Königsflügel und
verhindert den weißen Verteidigungszug f2-f4.} 32. h3 h5 (32... Re4 33. Rc3 {
[%cal Rc3c7,Rc7b7,Rc7e7]} (33. Re3 Rxe3 34. fxe3 f6 (34... Kd7 35. Kf3 $11 {
[%csl Re5,Rg5]}) 35. exf6+ Kxf6 36. Kf3 $11) 33... Kd7 34. Rf3 $11 {[%csl Rf7]}
(34. Rc5 $2 b6 $17 {[%csl Re5]})) 33. Kf3 a5 {In kleinen Schritten verbessert
Schwarz seine Stellung. Weiß hat kein Gegenspiel.} 34. Ke3 Kf8 35. Kd2 h4 36.
g4 (36. gxh4 gxh4 $15 (36... Rxh4 37. Rg3 Rh5 {[%csl Rh5]})) 36... b5 37. axb5
Rxb5 {[%csl Rb3,Re5,Rh3] Der schwarze Turm kontrolliert zwei weiße Schwächen.}
38. Re3 Ke7 39. Kc3 {Weiß hat eine etwas passive, aber verteidigungsfähige
Stellung. In Turmendspielen ist die Remisbreite stets groß.} Rb4 40. f3 Kd7 41.
Re4 $1 Rb5 (41... Rxe4 42. fxe4 Kc6 43. b4 $1 (43. Kc4 Kb6 44. Kd4 Kb5 45. Kc3
Kc5 46. Kd3 Kb4 47. Kc2 a4 48. bxa4 Kxa4 49. Kc3 $11) 43... axb4+ (43... a4 44.
Kb2 Kb6 (44... Kb5 45. Ka3 $22 $18) 45. Ka2 (45. Ka3 Kb5 $22 $19) 45... Ka6)
44. Kxb4 $11) 42. Rd4+ Ke7 43. Re4 Rc5+ 44. Kd2 Rd5+ {Das ist ein typischer
Manöverkampf. Die schwarze Stellung ist nur theoretisch besser, in
Wirklichkeit er hat nichts Konkretes.} 45. Kc2 Ke8 46. Re1 (46. Kc3 Rd1 {
[%cal Gd1h1,Gh1h3]}) 46... Kd7 47. Re4 Kc6 48. f4 $1 {Das ist ein guter Moment
für f3-f4.Schwarz kann nämlich den Bauern f7 nicht mit dem König verteidigen.}
gxf4 49. Rxf4 {[%csl Re5,Rf7]} Rxe5 50. Rxf7 Re3 {[%csl Rb3,Ge3,Rh3,Gh4]} 51.
Ra7 {[%csl Ra5] Das Material ist reduziert und der minimale schwarze Vorteil
dürfte kaum zu verwerten sein.} Rxh3 52. Rxa5 Rg3 53. Rg5 $1 $11 {[%csl Gg5]} (
53. g5 $2 {Dieser Zug ist schlecht, denn er nimmt Weiß die Möglichkeit zu 54.
Rh5.} h3 $17 {[%csl Gg3,Gh3]}) 53... h3 (53... Kd6) 54. Rh5 Rg2+ 55. Kc3 h2 56.
b4 e5 57. b5+ Kb6 (57... Kxb5 58. Rxe5+ Kc6 59. Rh5 Kd6 60. Kd3 Ke6 61. Ke3 $11
) 58. Kd3 Rxg4 {Schwarz kann seinen Materialvorteil nicht behaupten und
willigte ins Remis ein.} (58... Rxg4 59. Rxh2 Kxb5 60. Rh5 Rd4+ 61. Ke3 Rd5 62.
Ke4 $11) 1/2-1/2